Meaux - Choix multiples - Statistiques

Statistiques générales
  • Ce quiz a été pris 77 fois
  • Le résultat moyen est 7 sur 10
Statistiques - réponses
Question Réponse % Correct
Comment sont appelés les habitants de Meaux ? Les Meldois
97%
Quel politicien est maire de Meaux depuis 2005 ? Jean-François Copé
95%
Dans quelle bataille de la Première Guerre mondiale a été impliquée Meaux ? Bataille de la Marne
87%
Quel humoriste et acteur né à Meaux forme un duo avec Ramzy ? Éric Judor
83%
Quelle ligne de transilien relie Meaux à Paris ? Ligne P
82%
Laquelle de ces photos ne représente pas Meaux ?
77%
Lequel de ces films n'a pas de scènes tournées à Meaux ? Intouchables (2011)
53%
Laquelle de ces spécialités n'existe pas ? Tome de Meaux
47%
Laquelle de ces affirmations historiques sur Meaux est fausse ? Meaux faisait partie des foires de Champagne.
25%
Quelle figure historique a été député de Meaux ? Gilbert du Motier de La Fayette
20%
Aucun quiz correspondant
Distribution des résultats
% des personnes avec chaque résultat
Percentile par nombre de réponses
Votre historique - résultats
Vous n’avez pas pris ce quiz